Harry Styles - Estadísticas

Estadísticas generales
  • Esta prueba ha sido intentada 95 veces
  • La puntuación promedio es 10 de 15
Estadísticas de respuestas
Preguntas Respuestas % Correcto
Cuántos hermanos tiene 1
99%
Número de albumes 3
97%
En qué programa se hizo famoso The X factor
96%
Cuando lanzó su primer single 2017
92%
Con quién lo emparejaban de One Direction Louis Tomlinson
92%
Cuando se cortó la coleta 2016
86%
Qué canción fue más escuchada en 2022 As it Was
77%
Canción de rock más famosa Kiwi
77%
Primer single solitario Sign of the times
77%
En qué trabajaba Panadero
75%
Su novia más polémica Taylor Swift
74%
Cómo se llama su madre Anne Twist
44%
Cuál fue su primera aparición en una película Dunkerque
34%
Qué canción cantó en The X Factor Isn´t she lovely
8%
Su programa favorito The Late Late Show
4%
No se encontraron pruebas coincidentes
Distribución de puntuación
Porcentaje de gente con cada puntuación
Porcentaje por número respondido
Historial de tus puntuaciones
No has intentado esta prueba.